| 000 | 00538nam a2200169 4500 | ||
|---|---|---|---|
| 001 | 137584 | ||
| 003 | ES-MaACL | ||
| 005 | 20250811063144.0 | ||
| 007 | t| | ||
| 008 | 070214s1935 sp r ||||1| spa d | ||
| 100 | 1 |
_aSalazar, Adolfo, _d1890-1958 _9101798 |
|
| 245 | 1 | 0 |
_aHazlitt el egoista y otros papeles _b: pequeñas digresiones sobre la vida y los libros / _cAdolfo Salazar. |
| 260 |
_aMadrid : _bJ. Mª Yagües, _c1935. |
||
| 300 |
_a222 p. ; _c19 cm. |
||
| 852 |
_aES-MaACL _jA-3771 _bR.15358 |
||
| 999 |
_c137584 _d137584 |
||